000 00343 a2200157 4500
001 75351
020 _a8526011138
040 _cAnchieta - Colégio São Paulo
100 _aGoulart, Warley
240 1 0 _aO congo vem aí
_lpor
245 1 0 _aO congo vem aí
300 _a23
362 0 _a2008
650 4 _aLiteratura infantil
942 _cBK
999 _c75351
_d75351